000 00463nam a2200169 a 4500
001 000048791
005 20201002061418.0
008 190412s2016 dr 000 0 spa d
020 _a9781539518358
040 _aDO-SdBNP
_bspa
_cBNPHU
082 _axx
_bxx
100 1 _aGell, Riqui
_975212
245 1 0 _aFiesta en el desierto /
_cRiqui Gell.
260 _aSanto Domingo :
_bEditora Búho,
_c2016.
300 _a148 p. ;
_c22 cm.
590 _aInventariado, 2019/VM
999 _c48279
_d48279